<?xml version="1.0" encoding="UTF-8"?>
<record
    xmlns:xsi="http://www.w3.org/2001/XMLSchema-instance"
    xsi:schemaLocation="http://www.loc.gov/MARC21/slim http://www.loc.gov/standards/marcxml/schema/MARC21slim.xsd"
    xmlns="http://www.loc.gov/MARC21/slim">

  <leader>01468nam a2200253 i 4500</leader>
  <controlfield tag="001">BPP</controlfield>
  <controlfield tag="003">BPK</controlfield>
  <controlfield tag="005">20171115135308.0</controlfield>
  <controlfield tag="008">150219s1988    pl     f     |000 0 pol</controlfield>
  <datafield tag="040" ind1=" " ind2=" ">
    <subfield code="c">BPK</subfield>
  </datafield>
  <datafield tag="080" ind1=" " ind2=" ">
    <subfield code="a">698</subfield>
  </datafield>
  <datafield tag="080" ind1=" " ind2=" ">
    <subfield code="a">667.6</subfield>
  </datafield>
  <datafield tag="100" ind1=" " ind2=" ">
    <subfield code="a">MACIEIK, Les&#x142;aw.</subfield>
    <subfield code="d">1973 - 1996.</subfield>
    <subfield code="b">Wy&#x17C;sza Szko&#x142;a In&#x17C;ynierska w Koszalinie - Wydzia&#x142; In&#x17C;ynierii L&#x105;dowej i Sanitarnej,</subfield>
    <subfield code="c">Zak&#x142;ad Budownictwa i Materia&#x142;&#xF3;w Budowlanych</subfield>
  </datafield>
  <datafield tag="245" ind1=" " ind2=" ">
    <subfield code="a">Ekspertyza dotycz&#x105;ca pow&#x142;oki malarskiej na elewacji budynku /</subfield>
    <subfield code="c">Les&#x142;aw Macieik, Henryk Dondelewski, Zenon Machowski.</subfield>
  </datafield>
  <datafield tag="260" ind1=" " ind2=" ">
    <subfield code="a">Koszalin,</subfield>
    <subfield code="c">1988.</subfield>
  </datafield>
  <datafield tag="500" ind1=" " ind2=" ">
    <subfield code="a">Dane z autopsji.</subfield>
  </datafield>
  <datafield tag="520" ind1=" " ind2=" ">
    <subfield code="a">Celem ekspertyzy technicznej by&#x142;o okre&#x15B;lenie przyczyn &#x142;uszczenia si&#x119; i odpadania pow&#x142;oki malarskiej na elewacji budynku nr 7 przy ulicy Fr&#x105;ckowskiego w S&#x142;upsku. Zakresem swym ekspertyza obejmuje tylko sam&#x105; pow&#x142;ok&#x119; malarsk&#x105;, okre&#x15B;laj&#x105;c poprawno&#x15B;&#x107; jej wykonania i jako&#x15B;&#x107; u&#x17C;ytych materia&#x142;&#xF3;w.</subfield>
  </datafield>
  <datafield tag="650" ind1=" " ind2="0">
    <subfield code="a">Malowanie ochronne.</subfield>
  </datafield>
  <datafield tag="650" ind1=" " ind2="0">
    <subfield code="a">Pow&#x142;oki malarskie.</subfield>
  </datafield>
  <datafield tag="650" ind1=" " ind2="0">
    <subfield code="a">Elewacje.</subfield>
  </datafield>
  <datafield tag="700" ind1=" " ind2=" ">
    <subfield code="a">DONDELEWSKI, Henryk.</subfield>
    <subfield code="d">1973 - 1996.</subfield>
    <subfield code="b">Wy&#x17C;sza Szko&#x142;a In&#x17C;ynierska w Koszalinie - Wydzia&#x142; In&#x17C;ynierii L&#x105;dowej i Sanitarnej,</subfield>
    <subfield code="c">Zak&#x142;ad Budownictwa i Materia&#x142;&#xF3;w Budowlanych</subfield>
  </datafield>
  <datafield tag="700" ind1=" " ind2=" ">
    <subfield code="a">MACHOWSKI, Zenon.</subfield>
    <subfield code="d">1985 - 1992.</subfield>
    <subfield code="b">Wy&#x17C;sza Szko&#x142;a In&#x17C;ynierska w Koszalinie - Wydzia&#x142; In&#x17C;ynierii L&#x105;dowej i Sanitarnej,</subfield>
    <subfield code="c">Zak&#x142;ad Budownictwa i Materia&#x142;&#xF3;w Budowlanych</subfield>
  </datafield>
  <datafield tag="942" ind1=" " ind2=" ">
    <subfield code="c">MN</subfield>
    <subfield code="2">UKD</subfield>
  </datafield>
  <datafield tag="999" ind1=" " ind2=" ">
    <subfield code="c">2255</subfield>
    <subfield code="d">2255</subfield>
  </datafield>
  <datafield tag="952" ind1=" " ind2=" ">
    <subfield code="0">0</subfield>
    <subfield code="1">0</subfield>
    <subfield code="4">0</subfield>
    <subfield code="7">0</subfield>
    <subfield code="a">BPK</subfield>
    <subfield code="b">BPK</subfield>
    <subfield code="o">NB-260</subfield>
    <subfield code="y">MN</subfield>
  </datafield>
</record>
